<?xml version="1.0" encoding="UTF-8"?>
<record
    xmlns:xsi="http://www.w3.org/2001/XMLSchema-instance"
    xsi:schemaLocation="http://www.loc.gov/MARC21/slim http://www.loc.gov/standards/marcxml/schema/MARC21slim.xsd"
    xmlns="http://www.loc.gov/MARC21/slim">

  <leader>00582nam a2200193 i 4500</leader>
  <controlfield tag="001">9912871810605606</controlfield>
  <controlfield tag="005">20260512194904.0</controlfield>
  <controlfield tag="008">800101s1972----pl------------000-0-pol-d</controlfield>
  <controlfield tag="009">b0000090010757</controlfield>
  <datafield tag="035" ind1=" " ind2=" ">
    <subfield code="a">990000441290207662-48omnis_network</subfield>
  </datafield>
  <datafield tag="035" ind1=" " ind2=" ">
    <subfield code="a">(Aleph)000044129MBP01</subfield>
  </datafield>
  <datafield tag="035" ind1=" " ind2=" ">
    <subfield code="a">(PL)b0000090010757</subfield>
  </datafield>
  <datafield tag="040" ind1=" " ind2=" ">
    <subfield code="a">MBPWR</subfield>
    <subfield code="c">MBPWR</subfield>
  </datafield>
  <datafield tag="100" ind1="1" ind2=" ">
    <subfield code="a">O&#x17C;ogowska, Hanna</subfield>
    <subfield code="d">(1904-1995)</subfield>
  </datafield>
  <datafield tag="245" ind1="0" ind2="0">
    <subfield code="a">Za minut&#x119; pierwsza mi&#x142;o&#x15B;&#x107; /</subfield>
    <subfield code="c">Hanna O&#x17C;ogowska .</subfield>
  </datafield>
  <datafield tag="260" ind1=" " ind2=" ">
    <subfield code="a">Warszawa :</subfield>
    <subfield code="b">"Nasza Ksi&#x119;garnia",</subfield>
    <subfield code="c">1972 .</subfield>
  </datafield>
  <datafield tag="942" ind1=" " ind2=" ">
    <subfield code="2">z</subfield>
    <subfield code="c">BK</subfield>
  </datafield>
  <datafield tag="999" ind1=" " ind2=" ">
    <subfield code="c">38</subfield>
    <subfield code="d">38</subfield>
  </datafield>
</record>
